| 000 | 00885nam a2200229Ia 4500 | ||
|---|---|---|---|
| 008 | 0000002003 us a 0000000000eng00 | ||
| 020 | _a897972589 | ||
| 090 | _aPUS00 D27v | ||
| 100 | 1 |
_aDesiderio, Vincent _d1955 |
|
| 245 | 1 | 0 |
_aVincent Desiderio _b: paintings _c/ editado por Janis Gardner Cecil |
| 300 |
_a19 p. _c/ 24 cm. |
||
| 500 | _aExposición realizada en la Galeria Marlborough, Nueva York, Enero 8 Febrero 7, 2004 \ Con el patronazgo del maestro venezolano Jesús Rafael Soto (q.e.p.d.) | ||
| 600 | 0 | 0 |
_a DESIDERIO, VINCENT, 1955/ _xTRABAJOS PICTORICOS |
| 650 | 1 | 4 | _a PINTURA ESTADOUNIDENSE |
| 650 | 1 | 4 | _xCATALOGOS |
| 650 | 1 | 4 | _xEXPOSICIONES |
| 650 | 1 | 4 | _aFIGURA HUMANA EN EL ARTE |
| 650 | 1 | 4 | _aPINTORES ESTADOUNIDENSES |
| 650 | 1 | 4 | _aPINTURA MODERNA ESTADOUNIDENSE |
| 700 | 1 | _aCecil, Janis Gardner, ed. | |
| 999 |
_c221 _d221 |
||
| 260 |
_aNew York : Marlborough _c2003 |
||